000 02226na a2200421 4500
999 _c4985
_d4985
001 20210
003 MIRAKIL
005 20200709153834.0
008 170112b tu 000 0
035 _a20210
040 _aMilas
_btur
_cTR-AnCHP
041 _atur
082 _aCHP 324.2372
_bC36p 1976
090 _aBROŞÜR 389
110 _aCumhuriyet Halk Partisi (CHP)
222 _aProgramlar
245 _aProgram ve seçimlerim teknik hazırlıkları ile ilgili bilgiler
_bCHP Parti İçi Eğitim çalışmaları e kitabı
_cCHP
246 _aCHP 1976 programı
246 _aSeçimlerim teknik hazırlıkları ile ilgili bilgiler
246 _aCHP Parti İçi Eğitim çalışmaları e kitabı
260 _aAnkara
_bCHP
_c1976
300 _a319 s.
_c16 sm.
440 _aCumhuriyet Halk Partisi yayınları
_pProgramlar
500 _aSırtta adı: Cumhuriyet Halk Partisi programı ve ve seçimlerim teknik hazırlıkları ile ilgili bilgiler
500 _aKütüphaneciden çevrimdışı versiyonu sağlanabilir
505 _aCHP'nin ilkeleri ve kuralları - Demokratik sol düzenin tanımı ve amaçları - Demokratik sol düzenin gerekliliği - Demokratik sol düzenin ekonomi ve toplumsa temelleri - Demokratik sol düzende ekonominin araçları e işleyişi - Demokratik sol düzende insan toplum ve doğa - Demokratik sol düzende devlet - Seçim ve seçmenlikle ilgili bilgiler - Daimi seçmen kütükleriyle ilgili bilgiler - Seçimlerle ve sandıkbaşı görevleriyle ilgili bilgiler
610 _aCumhuriyet Halk Partisi (CHP)
_xGenel seçimler, 1977
_ySeçim çalışmaları
610 _aCumhuriyet Halk Partisi (CHP)
_xProgramlar, 1976
651 _aTürkiye
_xGenel seçimler, 1977
651 _aTürkiye
_xSiyaset ve yönetim
_y1976-1978
740 _aCumhuriyet Halk Partisi programı ve ve seçimlerim teknik hazırlıkları ile ilgili bilgiler
740 _a27-30 Kasım 1976'da toplanan CHP yirmiüçüncü kurultayınca 29 Kasım 1976 'da kabul edilen program
830 _aCHP programları
942 _cBKS
999 _d4985